书目信息 |
| 题名: |
节能减排
|
|
| 作者: | 钱伯章 编著 | |
| 分册: | ||
| 出版信息: | 北京 科学出版社 2008.04 |
|
| 页数: | 646页 | |
| 开本: | 26cm | |
| 丛书名: | ||
| 单 册: | ||
| 中图分类: | TK01-49 | |
| 科图分类: | ||
| 主题词: | 节能--jie neng--普及读物 | |
| 电子资源: | ||
| ISBN: | 978-7-03-021252-8 | |
| 000 | 01130nam0 2200241 450 | |
| 005 | 20080910094408.78 | |
| 010 | @a978-7-03-021252-8@dCNY49.80 | |
| 100 | @a20080624d2008 em y0chiy0121 ea | |
| 101 | 0 | @achi |
| 102 | @aCN@b110000 | |
| 105 | @aa a 000yy | |
| 200 | 1 | @a节能减排@Ajie neng jian pai@e可持续发展的必由之路@f钱伯章编著 |
| 210 | @a北京@c科学出版社@d2008.04 | |
| 215 | @a646页@c图@d26cm | |
| 320 | @a有书目 (第645-646页) | |
| 330 | @a本书开篇对世界和中国的节能减排现状、经验和趋势进行了概括性的介绍;并对节能减排政策进行解读;重点论述了石油和化工、钢铁、有色金属、水泥、发电、建筑及交通运输等行业的节能减排现状及战略规划;阐述了企业节能管理和体系建没,各行业的节能措施与具有发展前途的节能技术;对温室气体和有害气体减排及回收利用的技术进展,发展可再生能源推进减排的发展方向,以及交通运输业减排控排的适用技术进行了详细的说明;并给出了当今节能减排典型技术的成功经验。 | |
| 517 | 1 | @a可持续发展的必由之路@Ake chi xu fa zhan de bi you zhi lu |
| 606 | 0 | @a节能@Ajie neng@j普及读物 |
| 690 | @aTK01-49@v4 | |
| 701 | 0 | @a钱伯章@Aqian bo zhang@4编著 |
| 801 | 0 | @aCN@c20080910 |
| 905 | @dTK01-49@eQ180 | |
| 999 | @aLYX | |
| 节能减排:可持续发展的必由之路/钱伯章编著.-北京:科学出版社,2008.04 |
| 646页:图;26cm |
| ISBN 978-7-03-021252-8:CNY49.80 |
| 本书开篇对世界和中国的节能减排现状、经验和趋势进行了概括性的介绍;并对节能减排政策进行解读;重点论述了石油和化工、钢铁、有色金属、水泥、发电、建筑及交通运输等行业的节能减排现状及战略规划;阐述了企业节能管理和体系建没,各行业的节能措施与具有发展前途的节能技术;对温室气体和有害气体减排及回收利用的技术进展,发展可再生能源推进减排的发展方向,以及交通运输业减排控排的适用技术进行了详细的说明;并给出了当今节能减排典型技术的成功经验。 |
| ● |
| 相关链接 |
|
|
|
正题名:节能减排
索取号:TK01-49/Q180
 
预约/预借
| 序号 | 登录号 | 条形码 | 馆藏地/架位号 | 状态 | 备注 |
| 1 | 677258 | 206772580 | 自科库501/501自科库 135排8列4层/ [索取号:TK01-49/Q180] | 在馆 |